Nothing's fair in fifth grade / (Record no. 5937)

MARC details
000 -LEADER
fixed length control field 00883nam a22002897a 4500
001 - CONTROL NUMBER
control field 5937
003 - CONTROL NUMBER IDENTIFIER
control field FISKH
005 - DATE AND TIME OF LATEST TRANSACTION
control field 20250210110659.0
008 - FIXED-LENGTH DATA ELEMENTS--GENERAL INFORMATION
fixed length control field 250210b cb ||||| |||| 00| 0 eng d
020 ## - INTERNATIONAL STANDARD BOOK NUMBER
International Standard Book Number 9780590423168
040 ## - CATALOGING SOURCE
Original cataloging agency FISKH
Language of cataloging eng
Transcribing agency FISKH
Modifying agency FISKH
050 ## - LIBRARY OF CONGRESS CALL NUMBER
Classification number PZ7.D3584 N
082 ## - DEWEY DECIMAL CLASSIFICATION NUMBER
Classification number 581
100 ## - MAIN ENTRY--PERSONAL NAME
Personal name DeClements, Barthe
Dates associated with a name (1920-)
245 ## - TITLE STATEMENT
Title Nothing's fair in fifth grade /
Statement of responsibility, etc. By Barthe DeClements
250 ## - EDITION STATEMENT
Edition statement This edition first published in 1981
260 ## - PUBLICATION, DISTRIBUTION, ETC.
Place of publication, distribution, etc. New York :
Name of publisher, distributor, etc. Scholastic,
Date of publication, distribution, etc. 2011.
300 ## - PHYSICAL DESCRIPTION
Extent 137 pages :
Dimensions 20 cm
505 ## - FORMATTED CONTENTS NOTE
Formatted contents note P<br/>
520 ## - SUMMARY, ETC.
Summary, etc. A fifth grade class, repelled by the overweight new student who has serious home problems, finally learns to accept her.
521 8# - TARGET AUDIENCE NOTE
Target audience note 600<br/>
Source Lexile<br/>
521 8# - TARGET AUDIENCE NOTE
Target audience note P<br/>
Source Raz-Plus<br/>
650 ## - SUBJECT ADDED ENTRY--TOPICAL TERM
Source of heading or term Juvenile fiction
Topical term or geographic name entry element Friendship
650 ## - SUBJECT ADDED ENTRY--TOPICAL TERM
Source of heading or term School
Topical term or geographic name entry element Girls
942 ## - ADDED ENTRY ELEMENTS (KOHA)
Source of classification or shelving scheme Dewey Decimal Classification
Koha item type Books
Suppress in OPAC No
Holdings
Withdrawn status Lost status Source of classification or shelving scheme Damaged status Not for loan Collection Home library Current library Shelving location Date acquired Total Checkouts Full call number Barcode Date due Date last seen Date last checked out Copy number Price effective from Koha item type
    Dewey Decimal Classification     Juvenile Fiction Footprints International School Library Network Toul Kork Campus Footprints International School Library Network Toul Tom Poung Campus TTP Primary Yellow Bookshelves 02/10/2025 2 DEC 581 PZ7.D3584 N 2025-0466 03/13/2026 02/27/2026 02/27/2026 1 02/10/2025 Books